[Event "BEL Team Ch 9596"]
[Site "Antwerp BEL"]
[Date "1995.??.??"]
[Round "?"]
[White "Jadoul, Michel"]
[Black "Vanderwaeren, Serge"]
[Result "1/2-1/2"]
[WhiteElo "2400"]
[BlackElo "2295"]
[PlyCount "22"]
[EventDate "1995.??.??"]
[Source "www.chesslib.no"]
[SourceDate "2004.05.04"]

1. e3 Nf6 2. b3 e6 3. Bb2 b6 4. f4 Bb7 5. Nf3 d6 6. g3 g6 7. Bg2 Bg7 8. Qe2 Nbd7 9. d3 e5 10. fxe5 Ng4 11. e4 Ngxe5 1/2-1/2

[Event "Huy Open"]
[Site "Huy"]
[Date "1993.??.??"]
[Round "3"]
[White "Bellin, Robert"]
[Black "Defize, Alain"]
[Result "1-0"]
[WhiteElo "2395"]
[BlackElo "2295"]
[PlyCount "107"]
[EventDate "1993.??.??"]
[Source "www.chesslib.no"]
[SourceDate "2004.05.04"]

1. e3 d5 2. f4 Nf6 3. Be2 g6 4. Nf3 Bg7 5. O-O O-O 6. a4 Nbd7 7. Nc3 c6 8. d4 Ne8 9. a5 Nd6 10. Bd3 Nf6 11. Bd2 Qc7 12. Be1 c5 13. Bh4 e6 14. Ne5 c4 15. Be2 Nfe4 16. Nxe4 Nxe4 17. c3 f6 18. Nf3 Bd7 19. g4 b5 20. Nd2 Nd6 21. Bf3 Bc6 22. g5 fxg5 23. Bxg5 Nf5 24. Qe1 h6 25. Bh4 g5 26. fxg5 e5 27. Bh5 Qe7 28. Nf3 Nxh4 29. Qxh4 e4 30. gxh6 Bf6 31. Qg3+ Kh8 32. Ne5 Rg8 33. Ng4 Bh4 34. Qh3 Qg5 35. Kh1 Qxh5 36. Nf6 Qxh6 37. Nxg8 Rxg8 38. Rf4 Bg5 39. Qxh6+ Bxh6 40. Rf6 Bxe3 41. Rxc6 Bf2 42. Rf6 e3 43. Rf1 b4 44. R6xf2 exf2 45. Rxf2 b3 46. Re2 Rb8 47. a6 Rb5 48. Re7 Ra5 49. Rxa7 Ra2 50. Ra8+ Kg7 51. a7 Kh7 52. Kg1 Kg7 53. h3 Kh7 54. h4 1-0

[Event "Vienna op 13th"]
[Site "?"]
[Date "1998.??.??"]
[Round "?"]
[White "Maric Ivan"]
[Black "Anka Emil"]
[Result "0-1"]
[WhiteElo "2260"]
[BlackElo "2420"]
[PlyCount "54"]
[EventDate "1998.??.??"]
[Source "www.chesslib.no"]
[SourceDate "2004.05.04"]

1. e3 g6 2. d3 Bg7 3. c3 d5 4. Na3 c5 5. Nc2 Nc6 6. g3 e5 7. Bg2 Nge7 8. f3 f5 9. Nh3 Be6 10. Nf2 O-O 11. f4 b6 12. h3 Qd7 13. Bf3 Rae8 14. Kf1 Nc8 15. Kg2 Nd6 16. Bd2 Rd8 17. h4 e4 18. Be2 exd3 19. Nxd3 d4 20. exd4 cxd4 21. Nce1 Nc4 22. Bf3 dxc3 23. Qa4 cxd2 24. Bxc6 dxe1=N+ 25. Nxe1 Bd5+ 26. Bxd5+ Qxd5+ 27. Kh2 Ne3 0-1

[Event "Budapest FS11 IM-B"]
[Site "Budapest"]
[Date "1994.??.??"]
[Round "10"]
[White "Szollosi, Laszlo Jr"]
[Black "Smolovic, Mile"]
[Result "0-1"]
[WhiteElo "2310"]
[BlackElo "2370"]
[PlyCount "58"]
[EventDate "1994.11.??"]
[Source "ChessBase"]

1. e3 Nf6 2. c4 g6 3. b3 Bg7 4. Bb2 d6 5. Nc3 e5 6. g3 O-O 7. Bg2 Nc6 8. d3 Bd7 9. a3 a5 10. Rc1 h6 11. Qc2 Nh7 12. Nge2 Qc8 13. Nd5 Bh3 14. Bxh3 Qxh3 15. Nxc7 Rac8 16. Nb5 Ng5 17. f4 Qg2 18. Rf1 Nf3+ 19. Rxf3 Qxf3 20. Nxd6 Rcd8 21. Nxb7 Rb8 22. Nc5 Qxe3 23. Nd7 Rfc8 24. Nxb8 exf4 25. Bxg7 f3 26. Qb2 fxe2 27. Qa1 Qg1+ 28. Kd2 e1=Q+ 29. Rxe1 Qf2+ 0-1

[Event "Kfar Sava Open"]
[Site "?"]
[Date "1995.??.??"]
[Round "?"]
[White "Shachar Ehud"]
[Black "Fleish Felix"]
[Result "0-1"]
[WhiteElo "2370"]
[BlackElo "2305"]
[PlyCount "62"]
[EventDate "1995.??.??"]
[Source "www.chesslib.no"]
[SourceDate "2004.05.04"]

1. e3 c5 2. f4 g6 3. Nf3 Bg7 4. Be2 Nf6 5. O-O O-O 6. d3 d5 7. Qe1 Nc6 8. Qh4 Bg4 9. Nbd2 b5 10. h3 Bxf3 11. Bxf3 Rc8 12. Kh1 c4 13. a3 cxd3 14. cxd3 e5 15. Nb3 e4 16. Be2 d4 17. Rd1 Re8 18. Qf2 Qd5 19. Nxd4 Nxd4 20. exd4 Rc2 21. Qf1 e3 22. Re1 Qxd4 23. Qf3 h5 24. Rb1 h4 25. b3 Nh5 26. Bd1 Ng3+ 27. Kh2 Ra2 28. Qc6 Re6 29. Qa8+ Kh7 30. Bg4 Qxf4 31. Qf3 Nf1+ 0-1

[Event "It (Open) Oberhausen GER"]
[Site "?"]
[Date "2006.04.16"]
[Round "6"]
[White "Peters Alex"]
[Black "Henrichs Thomas"]
[Result "0-1"]
[WhiteElo "2211"]
[BlackElo "2462"]
[PlyCount "62"]
[EventDate "2006.??.??"]
[Source "www.chesslib.no"]
[SourceDate "2004.05.04"]

1. e3 g6 2. b3 Bg7 3. d4 Nf6 4. Bb2 O-O 5. Nf3 c5 6. Be2 b6 7. O-O Bb7 8. Nbd2 d6 9. c4 e6 10. Qc2 Nbd7 11. Rad1 a6 12. Qb1 Qc7 13. Ng5 Rfe8 14. Bf3 d5 15. dxc5 bxc5 16. Nh3 a5 17. Rc1 Qb6 18. Nf4 Bh6 19. cxd5 exd5 20. Nd3 Rac8 21. Rfd1 Ba6 22. g3 a4 23. Nf4 Bb7 24. bxa4 Qa7 25. Nb3 d4 26. Bxb7 Qxb7 27. exd4 Bxf4 28. gxf4 Qf3 29. Rc3 Qxf4 30. Qc1 Qh4 31. f3 Re2 0-1

[Event "Caorle Open"]
[Site "Caorle ITA"]
[Date "1982.??.??"]
[Round "5"]
[White "Sibilio, Mario"]
[Black "Wittmann, Walter"]
[Result "1-0"]
[WhiteElo "2250"]
[BlackElo "2415"]
[PlyCount "111"]
[EventDate "1982.07.??"]
[Source "www.chesslib.no"]
[SourceDate "2004.05.04"]

1. e3 g6 2. c4 Bg7 3. Nc3 Nf6 4. b3 e5 5. Bb2 O-O 6. Nge2 d6 7. g3 Bd7 8. Bg2 Bc6 9. e4 Nbd7 10. O-O Nc5 11. Qc2 a5 12. d4 exd4 13. Nxd4 Bd7 14. Rad1 Re8 15. h3 c6 16. Ba1 Qc7 17. Rfe1 Re7 18. Re2 Rae8 19. a3 Qb6 20. Qb1 Bc8 21. b4 axb4 22. axb4 Ncd7 23. Nf3 Qc7 24. Qd3 Nb6 25. Nd4 Nfd7 26. f4 Nf8 27. Rc2 Nbd7 28. Kh1 Qb6 29. Ndb5 cxb5 30. Nd5 Qd8 31. Bxg7 Kxg7 32. Qc3+ f6 33. cxb5 Rf7 34. Nc7 Nb6 35. Rxd6 Rxc7 36. Qxc7+ Qxc7 37. Rxc7+ Nbd7 38. e5 fxe5 39. Bxb7 Bxb7+ 40. Rxb7 exf4 41. Rdxd7+ Nxd7 42. Rxd7+ Kh6 43. b6 f3 44. Kg1 Re6 45. b7 Rb6 46. Kf2 Rxb4 47. Kxf3 g5 48. Ke3 Kg6 49. Kd3 h5 50. Kc3 Rb1 51. Kc4 h4 52. g4 Kf6 53. Kc5 Ke5 54. Kc6 Kf4 55. Rd5 Rc1+ 56. Rc5 1-0

[Event "Pardubice (Czech Republic)"]
[Site "?"]
[Date "2004.07.??"]
[Round "5"]
[White "Novotny Jaroslav (CZE)"]
[Black "Khamatgaleev Alexej"]
[Result "0-1"]
[WhiteElo "2231"]
[BlackElo "2429"]
[PlyCount "58"]
[EventDate "2004.??.??"]
[Source "www.chesslib.no"]
[SourceDate "2004.05.04"]

1. e3 Nf6 2. d3 e5 3. Nd2 d5 4. Ne2 Bd6 5. g3 Bf5 6. Bg2 Qd7 7. h3 h5 8. b3 Nc6 9. Bb2 O-O-O 10. a3 Kb8 11. b4 Rhe8 12. Nb3 e4 13. d4 b6 14. c3 h4 15. g4 Be6 16. a4 Nh7 17. a5 f5 18. axb6 cxb6 19. gxf5 Bxf5 20. Nd2 Ng5 21. Ng1 Qf7 22. b5 Na5 23. Rxa5 bxa5 24. Ne2 Rf8 25. Nf4 Ne6 26. Nb3 Bxf4 27. exf4 Nxf4 28. Bf1 e3 29. fxe3 Be4 0-1

[Event "Vrsac Open"]
[Site "?"]
[Date "2000.??.??"]
[Round "4.20"]
[White "Kovacevic Vladimir"]
[Black "Vujadinovic Goran"]
[Result "1-0"]
[WhiteElo "2263"]
[BlackElo "2396"]
[PlyCount "123"]
[EventDate "2000.??.??"]
[Source "www.chesslib.no"]
[SourceDate "2004.05.04"]

1. e3 e5 2. d4 Nc6 3. Nf3 e4 4. Nfd2 f5 5. c4 Nf6 6. Nc3 g6 7. Be2 Qe7 8. Qc2 Bh6 9. a3 d6 10. b4 O-O 11. O-O Nd8 12. Nb3 c6 13. Bd2 Be6 14. c5 d5 15. b5 g5 16. f3 Nf7 17. bxc6 bxc6 18. Na5 Rac8 19. Rab1 Rc7 20. Rb2 Nh8 21. Rfb1 exf3 22. gxf3 Bc8 23. Bd3 Ng6 24. Re1 Nh4 25. Rf1 g4 26. f4 Nf3+ 27. Kh1 Ne4 28. Bxe4 fxe4 29. Be1 Ba6 30. Ne2 Qe8 31. Bg3 Qh5 32. Rd1 Bd3 33. Qc1 Qh3 34. Ng1 Nxg1 35. Kxg1 Bg7 36. Qd2 h5 37. Qg2 Bf6 38. f5 Rcc8 39. Qxh3 gxh3 40. Bf4 Rf7 41. Nb7 Rg7+ 42. Kh1 Be2 43. Rxe2 Rxb7 44. Ree1 Re8 45. Rg1+ Kf7 46. Rg6 Ree7 47. Rdg1 Rb3 48. Rh6 h4 49. a4 a5 50. Bd6 Rxe3 51. Bxe7 Kxe7 52. Rh7+ Kf8 53. Rb1 Ke8 54. Rb8+ Bd8 55. Kg1 Rf3 56. Rh8+ Ke7 57. Rbxd8 Rd3 58. Rd6 e3 59. Rh7+ Ke8 60. Kf1 Rxd4 61. Ke2 Rxa4 62. f6 1-0

[Event "Copenhagen DAN"]
[Site "?"]
[Date "2004.02.08"]
[Round "2"]
[White "Frederiksen Henrik"]
[Black "Hector Jonny"]
[Result "0-1"]
[WhiteElo "2140"]
[BlackElo "2518"]
[PlyCount "68"]
[EventDate "2004.??.??"]
[Source "www.chesslib.no"]
[SourceDate "2004.05.04"]

1. e3 d5 2. f4 g5 3. Nf3 g4 4. Ne5 Nh6 5. b3 f6 6. Nd3 Nc6 7. Bb2 Bf5 8. Be2 Rg8 9. g3 d4 10. O-O e5 11. fxe5 fxe5 12. e4 Bxe4 13. Nf2 Bf5 14. Bd3 Bxd3 15. cxd3 b5 16. Na3 Rb8 17. Ne4 Rg6 18. Rc1 Rb6 19. Qe2 Be7 20. Nc2 Qd5 21. Qg2 Kd8 22. Rf2 Ra6 23. Ra1 Kc8 24. Qf1 Nd8 25. Qc1 Rac6 26. Qd1 b4 27. Ne1 Ra6 28. Qe2 Ra5 29. Qf1 Rga6 30. Nf6 Qe6 31. Nxh7 Rxa2 32. Rxa2 Rxa2 33. Bc1 Qc6 34. Qg2 Ra1 0-1

[Event "AUS Ch"]
[Site "?"]
[Date "2004.??.??"]
[Round "3"]
[White "Tan Justin"]
[Black "Chapman Mark"]
[Result "0-1"]
[WhiteElo "2268"]
[BlackElo "2388"]
[PlyCount "156"]
[EventDate "2004.??.??"]
[Source "www.chesslib.no"]
[SourceDate "2004.05.04"]

1. e3 Nf6 2. f4 g6 3. Nf3 Bg7 4. Be2 O-O 5. O-O c5 6. d3 d5 7. Qe1 Nc6 8. Nbd2 b6 9. Qh4 Bb7 10. Ne5 Nd7 11. Nxc6 Bxc6 12. e4 dxe4 13. Nxe4 e6 14. Qxd8 Raxd8 15. Bf3 Bd5 16. c3 Nb8 17. Rd1 Rd7 18. Be3 Rfd8 19. Be2 Bb7 20. Nf2 Ba6 21. Rd2 Nc6 22. Rad1 Ne7 23. Ng4 Nd5 24. Kf2 f5 25. c4 Nxe3 26. Nxe3 Bd4 27. Bf3 e5 28. Ke2 Bxe3 29. Kxe3 exf4+ 30. Ke2 Kg7 31. b3 Kf6 32. Kf2 g5 33. Bd5 Bb7 34. Bxb7 Rxb7 35. d4 cxd4 36. Rxd4 Rxd4 37. Rxd4 Ke5 38. Rd8 Re7 39. Rd5+ Ke6 40. Kf3 Rd7 41. Rb5 Rd2 42. a4 Rb2 43. b4 Rb3+ 44. Ke2 Rc3 45. a5 bxa5 46. Rxa5 Rxc4 47. Rxa7 h5 48. b5 Rb4 49. Rb7 g4 50. b6 Rb2+ 51. Kf1 Rb1+ 52. Ke2 Kd6 53. Rf7 Rb2+ 54. Kf1 Ke6 55. Rb7 f3 56. gxf3 Rxh2 57. f4 Rb2 58. Rb8 Kd5 59. b7 Kc6 60. Rf8 Rxb7 61. Rf6+ Kd5 62. Rxf5+ Ke4 63. Re5+ Kf3 64. f5 g3 65. Re1 Rf7 66. Re5 h4 67. Ra5 h3 68. Ra3+ Kg4 69. Ra4+ Kg5 70. Kg1 Rxf5 71. Ra1 Rb5 72. Rc1 Rb4 73. Kh1 Kg4 74. Rg1 Rf4 75. Ra1 g2+ 76. Kh2 Rf1 77. Ra4+ Kf5 78. Ra5+ Ke6 0-1

[Event "It (Open) Duesseldorf GER"]
[Site "?"]
[Date "2005.12.27"]
[Round "3"]
[White "Peters Alex"]
[Black "Meins Gerlef"]
[Result "1-0"]
[WhiteElo "2211"]
[BlackElo "2441"]
[PlyCount "71"]
[EventDate "2005.??.??"]
[Source "www.chesslib.no"]
[SourceDate "2004.05.04"]

1. e3 d5 2. b3 Nf6 3. Bb2 g6 4. Nf3 Bg7 5. d4 O-O 6. Nbd2 c5 7. dxc5 Qa5 8. a3 Qxc5 9. Be2 Nc6 10. O-O Rd8 11. c4 dxc4 12. Bxc4 b5 13. Be2 Bb7 14. Rc1 Qb6 15. Qc2 Rac8 16. Qb1 Ne8 17. Rfd1 Nd6 18. Bxg7 Kxg7 19. Ne4 Nd4 20. Rxd4 Bxe4 21. Qb2 Rxc1+ 22. Rd1+ f6 23. Rxc1 e5 24. h4 Bf5 25. Qc3 Rc8 26. Qb2 Rc6 27. Rxc6 Qxc6 28. Qd2 Be6 29. Qb4 a5 30. Qxa5 Bxb3 31. Qa7+ Bf7 32. h5 Qc2 33. Qe7 Nc4 34. h6+ Kxh6 35. Qf8+ Kh5 36. Nd4+ 1-0

[Event "AUT Ch"]
[Site "Austria"]
[Date "1994.??.??"]
[Round "8"]
[White "Raffalt, Manfred"]
[Black "Wittmann, Walter"]
[Result "0-1"]
[WhiteElo "2260"]
[BlackElo "2390"]
[PlyCount "84"]
[EventDate "1994.??.??"]
[Source "www.chesslib.no"]
[SourceDate "2004.05.04"]

1. e3 g6 2. f4 d5 3. Nf3 Bg7 4. Be2 Nf6 5. O-O O-O 6. d3 c5 7. a4 Nc6 8. Ne5 Qd6 9. Nc3 Nxe5 10. Nb5 Qb8 11. fxe5 Qxe5 12. e4 Ne8 13. Bf4 Qe6 14. exd5 Qxd5 15. Bf3 Qd8 16. c3 a6 17. Na3 Nd6 18. Qe2 Be6 19. Nc4 Nxc4 20. dxc4 Qb6 21. Ra3 a5 22. Re1 Rad8 23. Rc1 Rd7 24. Be3 Rc8 25. h4 Bf5 26. Qf2 Be6 27. Be2 Qxb2 28. Raa1 Qb6 29. Rab1 Qc7 30. Rb5 b6 31. Rcb1 Bxc3 32. Rxb6 Qe5 33. Rf1 Bd4 34. Rb3 Rcd8 35. Kh1 f5 36. h5 Bf7 37. Qf3 Qf6 38. g3 e5 39. Rb7 e4 40. Bxd4 cxd4 41. Qb3 Rxb7 42. Qxb7 d3 0-1

[Event "OOe-Landesmeisterschaft"]
[Site "?"]
[Date "2000.04.17"]
[Round "4"]
[White "Holzweber Martin"]
[Black "Beim Valery"]
[Result "0-1"]
[WhiteElo "2085"]
[BlackElo "2563"]
[PlyCount "72"]
[EventDate "2000.??.??"]
[Source "www.chesslib.no"]
[SourceDate "2004.05.04"]

1. e3 d5 2. Ne2 e5 3. d4 Nc6 4. dxe5 Nxe5 5. Nbc3 Nf6 6. Nf4 c6 7. Nd3 Ng6 8. h4 Bd6 9. h5 Ne5 10. Be2 h6 11. Nxe5 Bxe5 12. Bf3 Bf5 13. Ne2 Qe7 14. c3 O-O 15. Qa4 Ne4 16. Bxe4 Bxe4 17. f3 Bh7 18. Bd2 Bf6 19. Kf2 Rfe8 20. Rae1 a5 21. a3 b5 22. Qg4 c5 23. Ng3 Bg5 24. f4 Bf6 25. Rh3 Be4 26. Nf5 Bxf5 27. Qxf5 Rad8 28. Qd3 Qd7 29. Bc1 Re4 30. Rd1 Qe8 31. g4 Qe6 32. Kf3 b4 33. cxb4 axb4 34. b3 Ra8 35. a4 c4 36. Qe2 cxb3 0-1

[Event "6. Open"]
[Site "?"]
[Date "2003.12.16"]
[Round "9"]
[White "Hamad Ahmad"]
[Black "Ezat Mohamed Mahmoud"]
[Result "0-1"]
[WhiteElo "2241"]
[BlackElo "2405"]
[PlyCount "120"]
[EventDate "2003.??.??"]
[Source "www.chesslib.no"]
[SourceDate "2004.05.04"]

1. e3 Nf6 2. g4 e5 3. g5 Ne4 4. h4 d5 5. d3 Nd6 6. Nc3 c6 7. e4 dxe4 8. dxe4 Be6 9. f4 Nd7 10. f5 Bc4 11. Bxc4 Nxc4 12. Qd3 Ndb6 13. Qg3 Qc7 14. b3 Na3 15. Rh2 O-O-O 16. Bb2 Bb4 17. Rd1 Qe7 18. Rhd2 Nd7 19. Nge2 h6 20. g6 fxg6 21. fxg6 Rhf8 22. Bxa3 Bxa3 23. Rd3 Bc5 24. Kd2 Bf2 25. Qg2 Bxh4 26. Kc1 Qg5+ 27. Qxg5 Bxg5+ 28. Kb2 Rf6 29. Rd6 Rxd6 30. Rxd6 Nf8 31. Rxd8+ Kxd8 32. Ng3 Nxg6 33. Nh5 Bf6 34. Ne2 Nf4 35. Neg3 Nxh5 36. Nxh5 Ke7 37. Kc3 g6 38. Ng3 h5 39. Kd3 h4 40. Nh1 Bg5 41. Ke2 Bf4 42. Nf2 g5 43. Kf3 Kd6 44. Nd3 h3 45. Nf2 h2 46. Kg2 Ke6 47. Kh1 Kf6 48. Kg2 Kg6 49. Nd3 Kh5 50. Nf2 g4 51. Nd3 g3 52. Ne1 Kg4 53. Nd3 b6 54. c3 Kh4 55. Ne1 Kg5 56. c4 Kh5 57. b4 Bd2 58. Nd3 Kh4 59. Nxe5 h1=Q+ 60. Kxh1 Kh3 0-1

[Event "otb"]
[Site "otb"]
[Date "2007.04.10"]
[Round "3"]
[White "Najjar Ahmad"]
[Black "Khairallah Faisal"]
[Result "0-1"]
[WhiteElo "2326"]
[BlackElo "2317"]
[PlyCount "94"]
[Source "www.chesslib.no"]
[SourceDate "2004.05.04"]

1. e3 g6 2. c4 Bg7 3. Nc3 c5 4. Be2 Nc6 5. f4 e6 6. Bf3 Nge7 7. Ne4 d6 8. Ne2 O-O 9. O-O b6 10. Nf2 d5 11. cxd5 exd5 12. d3 Bb7 13. Ng3 h5 14. Re1 h4 15. Nf1 Nf5 16. Rb1 Qd6 17. a3 Rad8 18. Bd2 Rfe8 19. b4 c4 20. b5 c3 21. Bc1 Na5 22. d4 c2 23. Qxc2 Nxd4 24. Qd3 Nxf3+ 25. gxf3 Nc4 26. e4 Qc5 27. e5 f6 28. Qxg6 fxe5 29. f5 Qd6 30. Qh5 Rf8 31. Rb3 Qf6 32. Bg5 Qxf5 33. Qxh4 Rd6 34. Ng3 Qc2 35. Rb4 Rxf3 36. Ng4 d4 37. Ne4 Bxe4 38. Rxe4 Rg6 39. Re1 Ne3 40. Bxe3 dxe3 41. Kh1 Qf5 42. Rg1 Rf1 43. Qd8+ Kh7 44. Qh4+ Kg8 45. Qd8+ Kh7 46. Qh4+ Bh6 47. Rc4 Qf3# 0-1

[Event "Autumn Open"]
[Site "?"]
[Date "2005.10.31"]
[Round "3"]
[White "Karasev Vladimir I"]
[Black "Vunder Yakov"]
[Result "1-0"]
[WhiteElo "2383"]
[BlackElo "2257"]
[PlyCount "67"]
[EventDate "2005.??.??"]
[Source "www.chesslib.no"]
[SourceDate "2004.05.04"]

1. e3 Nf6 2. b3 g6 3. Bb2 Bg7 4. f4 O-O 5. Nf3 b6 6. Be2 Bb7 7. O-O d6 8. Qe1 e6 9. a4 c5 10. Na3 Nc6 11. Nc4 Nb4 12. Rc1 Ne8 13. Bxg7 Kxg7 14. d4 d5 15. Nce5 f6 16. Qh4 Nd6 17. Nd3 Nxd3 18. cxd3 Nf5 19. Qh3 Nxe3 20. Rfe1 Qd6 21. dxc5 bxc5 22. d4 cxd4 23. Nxd4 Nf5 24. Rc7+ Rf7 25. Nxf5+ gxf5 26. Rxf7+ Kxf7 27. Qxh7+ Ke8 28. Qxb7 Rb8 29. Bb5+ Kf8 30. Qxa7 Qxf4 31. g3 Qd6 32. Rxe6 Qxe6 33. Qxb8+ Kg7 34. Qa7+ 1-0

[Event "Budapest FS11 IM-B"]
[Site "Budapest"]
[Date "1994.??.??"]
[Round "9"]
[White "Szollosi, Laszlo Jr"]
[Black "Dobos, Jozsef"]
[Result "0-1"]
[WhiteElo "2310"]
[BlackElo "2330"]
[PlyCount "94"]
[EventDate "1994.11.??"]
[Source "ChessBase"]

1. e3 Nf6 2. c4 g6 3. Nc3 Bg7 4. g3 O-O 5. Bg2 Nc6 6. b3 d6 7. Bb2 e5 8. Nge2 Bf5 9. d3 Qd7 10. h3 Rab8 11. a3 a6 12. Kf1 b5 13. cxb5 axb5 14. b4 d5 15. d4 exd4 16. Nxd4 Nxd4 17. exd4 h5 18. Bc1 Ne4 19. Nxe4 dxe4 20. Be3 Rfd8 21. Qc2 c5 22. bxc5 b4 23. c6 b3 24. cxd7 bxc2 25. Ke2 Rxd7 26. Ra2 Bxd4 27. Rxc2 Bxe3 28. Kxe3 Rd3+ 29. Kf4 Rxa3 30. g4 hxg4 31. hxg4 Be6 32. Bxe4 Rb4 33. Rc5 Bxg4 34. Kxg4 Rxe4+ 35. f4 Kg7 36. Rc7 Ree3 37. Rg1 Rf3 38. Rb7 Rf2 39. Rg3 Ra4 40. Rf3 Rh2 41. Kg3 Raa2 42. Rf1 Rh5 43. Rf2 Ra3+ 44. Rf3 Raa5 45. Kg2 Ra1 46. Rf1 Rxf1 47. Kxf1 Rf5 0-1

[Event "Biel"]
[Site "Biel"]
[Date "1981.??.??"]
[Round "?"]
[White "Kaenel, Hansjuerg"]
[Black "Toth, Bela"]
[Result "0-1"]
[WhiteElo "2240"]
[BlackElo "2400"]
[PlyCount "146"]
[EventDate "1981.07.??"]
[Source "ChessBase"]

1. e3 g6 2. d4 Bg7 3. c4 c5 4. Nf3 Nf6 5. Be2 O-O 6. O-O b6 7. Nc3 cxd4 8. Nxd4 Bb7 9. Bf3 Qc8 10. b3 Nc6 11. Ba3 d6 12. Rc1 Re8 13. Nxc6 Bxc6 14. Nd5 Bxd5 15. cxd5 Qa6 16. Bb4 Qxa2 17. Bc3 Qa3 18. Be2 Rac8 19. Ra1 Qc5 20. Bd4 Qc7 21. Ba6 Rcd8 22. Qd3 e5 23. dxe6 fxe6 24. Rfc1 Qe7 25. Ra2 Nd5 26. Ra4 Bxd4 27. exd4 Rf8 28. Re1 Qg5 29. Qg3 Qxg3 30. hxg3 Nc7 31. Bb7 Rb8 32. Bc6 a5 33. Bd7 Kf7 34. Rc4 Rb7 35. Bc6 Ra7 36. Bf3 Rb8 37. Rc6 Ne8 38. Be2 Rc7 39. Rxc7+ Nxc7 40. Rc1 Rb7 41. Bf3 d5 42. Be2 Ke7 43. f4 b5 44. Ra1 Ra7 45. Kf2 a4 46. Ra3 Ra6 47. g4 Kd6 48. g5 Ra5 49. Ke3 Ra8 50. Kd2 Kc6 51. Bd1 axb3 52. Rxa8 Nxa8 53. Kc3 Nb6 54. Kxb3 Nc4 55. Bg4 Kd6 56. Be2 Ne3 57. g4 Ng2 58. f5 exf5 59. gxf5 gxf5 60. Bxb5 Nf4 61. Be8 Ne6 62. g6 h5 63. Kc3 h4 64. Bb5 Ke7 65. Bc6 Nf4 66. g7 Kf7 67. Ba4 Ne2+ 68. Kd3 h3 69. Bc6 Nf4+ 70. Ke3 h2 71. Kxf4 h1=Q 72. Ke5 Qe4+ 73. Kd6 Qxd4 0-1

[Event "Maestros vs Olavarria Tandil"]
[Site "?"]
[Date "2002.??.??"]
[Round "?"]
[White "Larsen Bent"]
[Black "Curatola Clemente"]
[Result "1-0"]
[WhiteElo "2470"]
[BlackElo "2155"]
[PlyCount "69"]
[EventDate "2002.??.??"]
[Source "www.chesslib.no"]
[SourceDate "2004.05.04"]

1. e3 f5 2. b4 e5 3. Bb2 d6 4. Nh3 Nf6 5. f4 e4 6. Be2 d5 7. a3 Bd6 8. O-O c5 9. c4 cxb4 10. cxd5 O-O 11. Qb3 bxa3 12. Nxa3 Nbd7 13. Nb5 Nc5 14. Qc4 b6 15. Nxa7 Ba6 16. Rxa6 Nxa6 17. Qxa6 Qd7 18. Ra1 Bb8 19. Qc4 Rxa7 20. Rxa7 Bxa7 21. d6+ Kh8 22. Ng5 h6 23. Ne6 Rc8 24. Qb3 Qxd6 25. Nd4 b5 26. h3 Bxd4 27. Bxd4 b4 28. Bc4 Qc6 29. Be6 Qc2 30. Qxb4 Qd1+ 31. Kh2 Ng4+ 32. hxg4 Qxg4 33. Qb1 Qh4+ 34. Kg1 Rd8 35. Bxf5 1-0

[Event "39th Doeberl Cup, Canberra AUS"]
[Site "?"]
[Date "2001.??.??"]
[Round "6"]
[White "Tan, Ju"]
[Black "Gluzman, M."]
[Result "0-1"]
[WhiteElo "2225"]
[BlackElo "2400"]
[PlyCount "102"]
[EventDate "2001.??.??"]
[Source "www.chesslib.no"]
[SourceDate "2004.05.04"]

1. e3 Nf6 2. f4 d6 3. Nf3 g6 4. d4 Bg7 5. Bd3 Nbd7 6. O-O O-O 7. Nbd2 c6 8. b3 Nd5 9. Qe1 e5 10. Nc4 exd4 11. exd4 N7b6 12. Qd2 Nxc4 13. bxc4 Ne7 14. Rb1 b6 15. Bb2 Bf5 16. Rfe1 Bxd3 17. Qxd3 Qd7 18. Re2 Rae8 19. Rbe1 Nc8 20. Kf2 Rxe2+ 21. Rxe2 c5 22. c3 Re8 23. Bc1 Rxe2+ 24. Qxe2 Ne7 25. Qe4 Bf6 26. Qc2 h5 27. a4 Nc6 28. Be3 Na5 29. Nd2 Bg7 30. h3 Qe6 31. Qd3 Qe8 32. Qc2 h4 33. Kf3 f5 34. Kf2 Kh7 35. Kf3 Bh6 36. Kf2 Bg7 37. Kf3 Kg8 38. Kf2 Qf7 39. Qd3 Bf6 40. g3 hxg3+ 41. Kxg3 Qe8 42. h4 Qxa4 43. h5 Qe8 44. Kf3 Qf7 45. Kf2 gxh5 46. Nf3 Qe6 47. dxc5 bxc5 48. Ng5 Bxg5 49. fxg5 Nxc4 50. Bf4 Qe4 51. Qg3 Ne5 0-1

[Event "Jezero Open"]
[Site "?"]
[Date "2003.08.18"]
[Round "5"]
[White "Panic Nenad"]
[Black "Divljan Igor"]
[Result "1-0"]
[WhiteElo "2347"]
[BlackElo "2272"]
[PlyCount "61"]
[EventDate "2003.??.??"]
[Source "www.chesslib.no"]
[SourceDate "2004.05.04"]

1. e3 Nf6 2. f4 g6 3. b3 Bg7 4. Bb2 d6 5. Nf3 O-O 6. Be2 e5 7. fxe5 Ng4 8. Nc3 dxe5 9. h3 Nh6 10. e4 f5 11. Bc4+ Kh8 12. Qe2 Nc6 13. O-O-O Nd4 14. Qe1 c6 15. exf5 Bxf5 16. Ne4 b5 17. Bd3 a5 18. Rf1 a4 19. Nxd4 exd4 20. g4 axb3 21. axb3 Ra2 22. gxf5 Qa5 23. c4 gxf5 24. Rg1 Ra8 25. Rxg7 Rxb2 26. Rxh7+ Kxh7 27. Ng5+ Kg6 28. Qe6+ Kh5 29. Be2+ Kh4 30. Qxh6+ Kg3 31. Rg1+ 1-0